000 00840cam a22002654a 4500
999 _c5601
_d5601
001 42798114
003 OCoLC
005 20190108105323.0
008 991020s2000 ilu 000 0 eng
010 _a99055351
020 _a0842331549 (sc : alk. paper)
020 _a9780842331548 (sc : alk. paper)
035 _a(OCoLC)42798114
040 _aDLC
_cDLC
_dBAKER
_dBTCTA
_dOCLCG
_dIG#
_dBSC
042 _apcc
082 _a248.84
_bL933W
092 _a248.845
_bL933o, 2000
100 1 _aLucas, J. R.
_q(James Raymond),
_d1950-
245 1 0 _a1,001 ways to connect with your kids /
_cJames R. Lucas.
246 3 _aOne thousand one ways to connect with your kids
260 _aWheaton, Ill. :
_bTyndale House Publishers,
_c2000.
300 _a252 p. ;
_c21 cm.
650 0 _aParenting
_xReligious aspects
_xChristianity.
942 _2ddc
_cBK